Magnetic field computation with R-functions /

Bibliographic Details
Main Author: Iványi, Amália
Format: Book
Language:English
Published: Budapest, Hungary : Akadémiai Kiadó, 1998.
Subjects:

MARC

Tag First Indicator Second Indicator Subfields
LEADER 00000cam a2200000 a 4500
001 in00001507613
005 20151021095649.0
008 990618s1998 hu a b 001 0 eng d
020 |a 9630575620 
035 |a (OCoLC)41569525 
035 |9 AJK8109AM 
040 |a PIT  |c PIT  |d OHX  |d TXA  |d UtOrBLW 
049 |a TXAM 
072 7 |a QC  |2 lcco 
090 |a QC754.2.H9  |b I94 1998 
100 1 |a Iványi, Amália. 
245 1 0 |a Magnetic field computation with R-functions /  |c Amália Iványi. 
264 1 |a Budapest, Hungary :  |b Akadémiai Kiadó,  |c 1998. 
300 |a xi, 247 pages :  |b illustrations ;  |c 25 cm. 
336 |a text  |b txt  |2 rdacontent 
337 |a unmediated  |b n  |2 rdamedia 
338 |a volume  |b nc  |2 rdacarrier 
504 |a Includes bibliographical references (pages 221-240) and indexes. 
650 0 |a Hysteresis  |x Mathematical models. 
948 |a c:jls 
999 |a MARS 
999 f f |s c1cb35ef-cb48-366f-a514-60d45329624b  |i 53f0e91b-2733-320b-96e3-e803be88b98f  |t 0 
952 f f |p normal  |a Texas A&M University  |b College Station  |c Sterling C. Evans Library  |d Evans: Library Stacks  |t 0  |e QC754.2.H9 I94 1998  |h Library of Congress classification  |i unmediated -- volume  |m A14825298308 
998 f f |a QC754.2.H9 I94 1998  |t 0  |l Evans: Library Stacks